Négy- és ötcsillagos szállodai bárok vendégélmény és innováció

Bibliográfiai részletek
Szerző: Torma Noémi
További közreműködők: Sóvári Katalin
Dokumentumtípus: Diplomadolgozat
Kulcsszavak:bár
Hotelstars Union
koktélok
négycsillagos
ötcsillagos
prémium kategória
szállodaipar
Online Access:http://dolgozattar.uni-bge.hu/59530

MARC

LEADER 00000nta a2200000 i 4500
001 dolg59530
005 20260409145206.0
008 260409suuuu hu om 000 hun d
040 |a BGE Dolgozattár Repozitórium  |b hun 
041 |a hu 
100 1 |a Torma Noémi 
245 1 0 |a Négy- és ötcsillagos szállodai bárok  |b vendégélmény és innováció  |c Torma Noémi  |h [elektronikus dokumentum] 
520 3 |a A dolgozat a négy- és ötcsillagos szállodai bárok vendégélményét és innovációit vizsgálja, különös tekintettel a kereslet és kínálat összhangjára. Saját szakmai tapasztalataimra építve, és kvantitatív és kvalitatív kutatásokkal vizsgálom a fogyasztói szokásokat és a szállodák válaszreakcióit.A fenntarthatóság, a technológiai fejlődés és a személyre szabott élmények kulcsszerepet játszanak a sikeres bárszolgáltatásban. A dolgozat célja, hogy a szállodavezetők számára gyakorlati irányelveket nyújtson a szolgáltatásfejlesztéshez és javaslatokat fogalmaz meg a prémium hotelbárok versenyképességének növelésére. 
695 |a bár 
695 |a Hotelstars Union 
695 |a koktélok 
695 |a négycsillagos 
695 |a ötcsillagos 
695 |a prémium kategória 
695 |a szállodaipar 
700 1 |a Sóvári Katalin  |e ths 
856 4 0 |u http://dolgozattar.uni-bge.hu/59530/1/Torma%20No%C3%A9mi%20A5Y79B%20Szakdolgozat.pdf  |z Dokumentum-elérés 
856 4 0 |u http://dolgozattar.uni-bge.hu/59530/2/Torma%20No%C3%A9mi_B%C3%ADr%C3%A1lati%20lap_2025.pdf  |z Dokumentum-elérés 
856 4 0 |u http://dolgozattar.uni-bge.hu/59530/3/Torma%20No%C3%A9mi_b%C3%ADr%C3%A1lat_Zm%C3%A1k%20Tibor.pdf  |z Dokumentum-elérés